000 02422nam a2200397 a 4500
001 ebr10683489
003 CaPaEBR
006 m u
007 cr cn|||||||||
008 120524s2012 nyuad sb 001 0 eng d
010 _z 2012021146
020 _z9781622572458 (hardcover)
020 _z9781622572663 (e-book)
040 _aCaPaEBR
_cCaPaEBR
035 _a(OCoLC)831625488
050 1 4 _aSB123.57
_b.T735 2012eb
082 0 4 _a632/.8
_223
245 0 0 _aTransgenic plants
_h[electronic resource] :
_brecent developments /
_cShen Yao Zhu and Jiang Lo Hu, editors.
260 _aNew York :
_bNova Science Publishers,
_c2012.
300 _axi, 143 p. :
_bill. (some col.).
490 1 _aBotanical research and practices
490 1 _aGenetics--research and issues
504 _aIncludes bibliographical references and index.
505 0 _aPlant leaf decomposition, DNA release, persistence and transfer into the environment / John Pot�e, Walter Wildi -- Establishment of light formula and light environmental management strategy for high-efficient plant cultivation with artificial light sources / Wenke Liu ... [et al.] -- Harvest-inducible genes and promoters in alfalfa / Jian Zhang, Larry R. Erickson -- Toxic impacts of three veterinary antibiotics on seed germination and growth as well as nutritional quality of vegetables / Lian Feng Du ... [et al.] -- Growth responses of Bt and non-Bt cottons to soil phosphorus, copper and cadmium levels / Lianfeng Du ... [et al.] -- The application of site-specific recombination systems for biosafety and genome manipulation in the production of transgenic plants / Yuan-Yeu Yau, Ludmila Tyler -- Amplification of small interfering RNAs in transgenic plants / Hiroaki Kodama ... [et al.].
533 _aElectronic reproduction.
_bPalo Alto, Calif. :
_cebrary,
_d2013.
_nAvailable via World Wide Web.
_nAccess may be limited to ebrary affiliated libraries.
650 0 _aTransgenic plants.
650 0 _aTransgenic plants
_xRisk assessment.
650 0 _aPlant genetic engineering.
655 7 _aElectronic books.
_2local
700 1 _aZhu, Shen Yao.
700 1 _aHu, Jiang Lo.
710 2 _aebrary, Inc.
830 0 _aBotanical research and practices.
830 0 _aGenetics--research and issues series.
856 4 0 _uhttp://site.ebrary.com/lib/rucke/Doc?id=10683489
_zAn electronic book accessible through the World Wide Web; click to view
999 _c31850
_d31850